000 01341nam a2200241Ia 4500
003 Ost
005 20260507075229.0
008 260507s9999||||xx |||||||||||||| ||und||
040 _cfsecg
041 _aara
082 _a330
100 _aالعزاوي، نجم عبد الله
_eمؤلف
245 0 _aتطور إدارة الموارد البشرية :
_bالمفهوم -الاستراتيجية -الموقع التنظيمي /
_c نجم عبد الله العزاوي
260 _aعمان:
_bدار اليازوري,
_c2010
300 _a186 صفحة؛
_bإيضاحات ؛
_c24 سم
504 _aمراجع ص.185
520 _aإدارة الموارد البشرية و المصطلحات البديلة ، ماهية إدارة الموارد البشرية ، الوظيفة العامة و الوظيفة الخاصة ، استراتيجية إدارة الموارد البشرية ،تنظيم و أهداف إدارة المواردالبشرية و موقعها على الهيكل التنظيمي للمنظمة و الدولة مع وجود أسئلة للمناقشة و الاجانة عنها.
653 _aإدارة الأفراد
653 _aالإدارة العامة
653 _aالموارد البشرية
700 _aجواد، عباس حسين
_eمؤلف ثانوي
942 _cكتاب
999 _c43553
_d43553